000 00785nam a22002297a 4500
005 20170322120501.0
008 170322b2000 ohua|||| |||| 001 0 spa d
020 _a0953733904
050 0 4 _aRC681.C37
_bE44 2000
100 1 _aElliot, H. L.
245 1 0 _aCardiologia /
_cH. L. Elliot, J. M. C. Connell, G. T. McInnes
250 _a1a ed.
260 _aCleveland, Ohio :
_bAtlas,
_c2000
300 _a3v. :
_bil. ;
_c23 cm.
504 _aIncluye bibliografia e indice
505 0 _acontenido :
_gV.1
_tEnsayos clinicos y pautas ... V.2 Ensayos en realidad,Interacciones ... V.3 Hipertensión, Temas prácticos actuales.
506 _aBib. Med. ISO 2017
650 4 _bCardiologia
700 1 _aConnell, J. M. C.,
_ecoaut.
700 1 _aMcInnes, G. T.,
_ecoaut.
942 _2lcc
_cLIB
999 _c66477
_d66477